000 00609nam a22002297a 4500
003 UA-OsUOA
001 100332
007 ta
008 20130527b un ||||| |||| 00| 0 ukr d
100 _aЧерушев Н.
090 _a821.161.1
_bЧ-50
942 _cBK
040 _aUA-OsUOA
_brus
_cUA-OsUOA
_dUA-OsUOA
245 _aКомандарм Дубовой
300 _a214 с.
955 _a3
041 _arus
080 _a821.161.1
260 _aК.
_bПолитиздат Украины
_c1986
650 7 _a82 Література. Літературознавство
_2UDC
999 _c386571
_d386571